000 00439nam a22001457a 4500
008 161003b xxu||||| |||| 00| 0 eng d
020 _a0-07-319407-7
082 _a170 GOT
100 _aGottfried, Kim Strom.-
245 _aEthics in Human Behavor in the Social Environment:
_bA Primer/
_cKim Strom-Gottfried.-
_hEnglish.
260 _aBoston:
_bMcGraw Hill,
_c2006.
300 _a59p.;
_c23cm.-
650 _2Philosophy
942 _2ddc
_cBOOKS
999 _c4314
_d4314